Aj ekonómia je veda ako sa nám ju podarilo aplikovať a kde boli problémy
Uložené v:
| Hlavný autor: | |
|---|---|
| Médium: | Kniha |
| Jazyk: | Slovak |
| Vydavateľské údaje: |
Bratislava
Letra Edu
2018
|
| Predmet: | |
| Tagy: |
Žiadne tagy, Buďte prvý, kto otaguje tento záznam!
|
MARC
| LEADER | 00000nam a2200000 4500 | ||
|---|---|---|---|
| 001 | 0247005 | ||
| 005 | 20240221112544.8 | ||
| 020 | |a 978-80-89962-05-1 | ||
| 020 | |a 978-80-89962-06-8 | ||
| 041 | 0 | |a slo | |
| 044 | |a SK | ||
| 245 | 1 | 0 | |a Aj ekonómia je veda |b ako sa nám ju podarilo aplikovať a kde boli problémy |c Jaroslav Husár |
| 264 | 1 | |a Bratislava |b Letra Edu |c 2018 | |
| 300 | |a 313 s. | ||
| 610 | 2 | 0 | |a veda ekonomická |
| 610 | 2 | 0 | |a teórie ekonomické |
| 610 | 2 | 0 | |a makroekonomika |
| 610 | 2 | 0 | |a analýza ekonomická |
| 610 | 2 | 0 | |a modelovanie ekonometrické |
| 610 | 2 | 0 | |a história |
| 610 | 2 | 0 | |a osobnosť |
| 610 | 2 | 0 | |a ekonómia |
| 610 | 2 | 0 | |a porovnanie medzinárodné |
| 610 | 2 | 0 | |a transformácia |
| 610 | 2 | 0 | |a politika peňažná |
| 610 | 2 | 0 | |a dlhy verejné |
| 610 | 2 | 0 | |a zdaňovanie |
| 610 | 2 | 0 | |a myslenie ekonomické |
| 610 | 2 | 0 | |a prognózy |
| 610 | 2 | 0 | |a rozvoj hospodársky |
| 610 | 2 | 0 | |a svet |
| 610 | 2 | 0 | |a Slovensko |
| 100 | 1 | |a Husár, Jaroslav | |